[Event "Medjimurje Cup"]
[Site "Croatia "]
[Date "2020.02.16"]
[Round "2.4"]
[White "Murkovic, Igor"]
[Black "Kanizaj, Dino"]
[Result "0-1"]
[WhiteElo "1605"]
[BlackElo "1295"]
[PlyCount "68"]
[EventDate "2020.02.09"]
[EventType "team-swiss"]
[EventRounds "6"]
[EventCountry "CRO"]
[SourceTitle "CBM 195 Extra"]
[Source "ChessBase"]
[SourceDate "2020.05.31"]
[SourceVersion "1"]
[SourceVersionDate "2020.05.31"]
[SourceQuality "1"]

1. d4 Nf6 2. Nf3 g6 3. g3 Bg7 4. Bg2 d6 5. 0-0 0-0 6. c4 Nbd7 7. Nc3 c5 8. d5 a6 9. Re1 Rb8 10. Qd3 Nh5 11. Ne4 Ne5 12. Nxe5 Bxe5 13. Bh6 Bg7 14. Bxg7 Nxg7 15. h4 b5 16. b3 Bf5 17. Rac1 bxc4 18. Rxc4 Qa5 19. Ra1 Rb4 20. Qc3 Rfb8 21. Nd2 Qb6 22. e4 Bd7 23. e5 Bf5 24. Re1 Qc7 25. e6 fxe6 26. dxe6 Bxe6 27. Rxb4 Rxb4 28. Bf1 a5 29. Bc4 Bxc4 30. Nxc4 a4 31. Qe3 axb3 32. axb3 Qb7 33. Qg5 Rxb3 34. Rxe7 Rb1+ 0-1